Culture Générale - Série 2699 - Statistiques

Statistiques générales
  • Ce quiz a été pris 101 fois
  • Le résultat moyen est 5 sur 10
Statistiques - réponses
Question Réponse % Correct
Quel est le plus grand producteur du monde de café ? Brésil
88%
Quel pays a remporté la coupe du monde de football en 1934, 1938,1982 et 2006 ? Italie
78%
Dans quelle ville est née Marie Curie en 1867 ? Varsovie
68%
Quelle ville de France est bordée par "la baie des anges" ? Nice
58%
Quel animal peut être appelé "braque" ? chien
52%
Sous quel nom est aussi connue la mafia italienne de Naples ? - 7 lettres commençant par "C" Camorra
41%
Sous quel nom connait-on mieux le chanteur Pierre Garand ? Garou
27%
Quel animal est le "carassin" ? poisson
25%
Quel personnage historique (1775-1857) a été mis en valeur par Bernard Noêl puis Claude Brasseur dans deux séries télévisées des années 60 ? Vidocq
15%
Du 20 octobre 1960 au 1er janvier 1969, qui a présenté "Le théâtre de la jeunesse" à la télévision ? prénom et nom - voir photo Claude Santelli
1%
Aucun quiz correspondant
Distribution des résultats
% des personnes avec chaque résultat
Percentile par nombre de réponses
Votre historique - résultats
Vous n’avez pas pris ce quiz